[Event "2.BLO 1516 SF Neuberg - SK Göggingen"]
[Site "?"]
[Date "2016.01.31"]
[Round "8.2"]
[White "Lubbe, Melanie"]
[Black "Nestorovic, Nikola"]
[Result "0-1"]
[WhiteElo "2317"]
[BlackElo "2478"]
[PlyCount "200"]
[EventDate "2016.??.??"]

1. e4 e5 2. Nf3 Nc6 3. Bc4 Nf6 4. d3 Be7 5. O-O O-O 6. c3 d5 7. exd5 Nxd5 8. h3
Nb6 9. Bb3 Bf5 10. Re1 Bf6 11. Bc2 a5 12. Na3 h6 13. Nb5 a4 14. d4 Bxc2 15.
Qxc2 exd4 16. Nbxd4 Nxd4 17. cxd4 Nd5 18. Bd2 Re8 19. Rxe8+ Qxe8 20. Qc4 Rd8
21. Rd1 Qd7 22. Bc1 b5 23. Qc5 Be7 24. Qc2 Bf6 25. Qc5 Re8 26. Bd2 Re4 27. Rc1
Re6 28. Kf1 c6 29. b3 axb3 30. axb3 Qd6 31. Qxd6 Rxd6 32. Ke2 Kf8 33. Kd3 Ke7
34. Rc2 Kd7 35. Rc1 Kc7 36. Ra1 Kb7 37. Re1 Rd8 38. Rc1 Ra8 39. Rb1 Ra2 40. Ne5
c5 41. Nxf7 Bxd4 42. Nd6+ Kc6 43. Ne4 Nf6 44. f3 Nxe4 45. fxe4 Bf6 46. Be3 Rxg2
47. Rc1 Be7 48. Bxc5 Bxc5 49. b4 Rg3+ 50. Kd2 Rxh3 51. Rxc5+ Kb6 52. Re5 Rg3
53. Ke2 Rc3 54. Re8 Rc4 55. Re6+ Rc6 56. Re7 Rg6 57. Kf3 h5 58. Re8 h4 59. Rb8+
Kc6 60. Ra8 Kb7 61. Rh8 Rh6 62. Rg8 h3 63. Rxg7+ Kc6 64. Ra7 Rh8 65. Ra6+ Kd7
66. Ra1 h2 67. Kg2 Rh4 68. Re1 h1=Q+ 69. Rxh1 Rxe4 70. Rb1 Kd6 71. Kf3 Kd5 72.
Rb2 Rh4 73. Ke3 Kc4 74. Rb1 Kc3 75. Ke2 Rxb4 76. Rc1+ Kb2 77. Rc8 Kb1 78. Kd3
Rb3+ 79. Kd2 b4 80. Rc1+ Kb2 81. Rc4 Ka3 82. Rc8 Rh3 83. Kc1 Rh1+ 84. Kd2 b3
85. Rb8 b2 86. Ra8+ Kb3 87. Rb8+ Ka2 88. Ra8+ Kb1 89. Rg8 Rh7 90. Kc3 Rh3+ 91.
Kb4 Rd3 92. Rc8 Rd7 93. Kc3 Rb7 94. Rh8 Rg7 95. Kb3 Rg3+ 96. Kb4 Rd3 97. Rc8
Rd4+ 98. Kb3 Rd1 99. Rb8 Ka1 100. Kc2 Rc1+ 0-1

[Event "2.BLO 1516 SF Neuberg - SK Göggingen"]
[Site "?"]
[Date "2016.01.31"]
[Round "8.3"]
[White "Stankovic, Milos"]
[Black "Wahedi, Ahmad Siar"]
[Result "1/2-1/2"]
[WhiteElo "2422"]
[BlackElo "2290"]
[PlyCount "73"]
[EventDate "2016.??.??"]

1. e4 d5 2. exd5 Qxd5 3. Nc3 Qd6 4. d4 Nf6 5. Bc4 a6 6. Nf3 Bg4 7. h3 Bxf3 8.
Qxf3 Nc6 9. Be3 e6 10. O-O-O O-O-O 11. a3 Ne7 12. Bf4 Qc6 13. Qxc6 Nxc6 14. d5
exd5 15. Nxd5 Nxd5 16. Bxd5 Bd6 17. Be3 Rd7 18. Rhe1 Re8 19. c3 Rde7 20. Bd2
Bf4 21. Rxe7 Bxd2+ 22. Rxd2 Rxe7 23. Kc2 Nd8 24. b4 c6 25. Bc4 Kc7 26. a4 Re1
27. a5 h6 28. g3 Re5 29. h4 g5 30. hxg5 hxg5 31. Re2 Kd6 32. Kd2 Rxe2+ 33. Bxe2
Ke5 34. Ke3 Ne6 35. Bh5 f5 36. Bf7 f4+ 37. Kd3 1/2-1/2

[Event "2.BLO 1516 SF Neuberg - SK Göggingen"]
[Site "?"]
[Date "2016.01.31"]
[Round "8.4"]
[White "Kuenstler, Christian"]
[Black "Arnaudov, G. Petar"]
[Result "1-0"]
[WhiteElo "2226"]
[BlackElo "2471"]
[PlyCount "73"]
[EventDate "2016.??.??"]

1. e4 c5 2. b3 b6 3. Bb2 Bb7 4. Nc3 d6 5. Bb5+ Nd7 6. f4 a6 7. Bxd7+ Qxd7 8.
Nf3 e6 9. O-O Nf6 10. e5 Nd5 11. Nxd5 Bxd5 12. Qe2 Bxf3 13. Rxf3 d5 14. f5 g6
15. fxe6 fxe6 16. Raf1 Bg7 17. Qf2 Ra7 18. d4 Qe7 19. c4 Rf8 20. cxd5 exd5 21.
Rxf8+ Bxf8 22. e6 Bg7 23. Kh1 Rc7 24. Qg3 Qd8 25. Bc1 cxd4 26. Bg5 Rc3 27. Bxd8
Rxg3 28. hxg3 Kxd8 29. Rf7 Bh6 30. Rd7+ Ke8 31. Rxd5 Be3 32. Rd7 h5 33. Kh2 g5
34. g4 h4 35. g3 hxg3+ 36. Kxg3 d3 37. Kf3 1-0

[Event "2.BLO 1516 SF Neuberg - SK Göggingen"]
[Site "?"]
[Date "2016.01.31"]
[Round "8.5"]
[White "Pitl, Gregory"]
[Black "Overbeck, Thorsten"]
[Result "1/2-1/2"]
[WhiteElo "2405"]
[BlackElo "2310"]
[PlyCount "41"]
[EventDate "2016.??.??"]

1. e4 c5 2. Nf3 Nc6 3. d4 cxd4 4. Nxd4 e6 5. Nc3 Qc7 6. Be3 a6 7. Qf3 Nf6 8.
O-O-O d6 9. Nxc6 Qxc6 10. Bd3 e5 11. h3 Be6 12. g4 h6 13. Qe2 O-O-O 14. f4 exf4
15. Bxf4 Nd7 16. Kb1 g5 17. Be3 Bg7 18. Nd5 Rhe8 19. Bc4 Nf6 20. Bd4 Nxd5 21.
Bxg7 1/2-1/2

[Event "2.BLO 1516 SF Neuberg - SK Göggingen"]
[Site "?"]
[Date "2016.01.31"]
[Round "8.6"]
[White "Seifert, Christopher"]
[Black "Kukov, Velislav"]
[Result "1/2-1/2"]
[WhiteElo "2278"]
[BlackElo "2360"]
[PlyCount "84"]
[EventDate "2016.??.??"]

1. d4 d5 2. Nf3 Nf6 3. e3 c6 4. Bd3 Bg4 5. c3 Nbd7 6. Nbd2 e5 7. h3 Bxf3 8.
gxf3 Bd6 9. b3 Qe7 10. Bb2 a5 11. Qc2 a4 12. O-O-O axb3 13. axb3 O-O 14. Kb1 c5
15. Bf5 cxd4 16. cxd4 exd4 17. Bxd4 Rfc8 18. Qd3 Be5 19. Rc1 Rc6 20. f4 Bxd4
21. Qxd4 Nc5 22. Rhf1 Nce4 23. Bxe4 dxe4 24. Rxc6 bxc6 25. Rc1 Rd8 26. Qb2 Qd7
27. Nc4 Qxh3 28. Ne5 h5 29. Nxc6 Rc8 30. b4 Qg2 31. b5 h4 32. b6 h3 33. b7 h2
34. b8=Q Rxb8 35. Qxb8+ Kh7 36. Ne5 h1=Q 37. Rxh1+ Qxh1+ 38. Ka2 Qe1 39. Qb2
Qa5+ 40. Qa3 Qd2+ 41. Qb2 Qa5+ 42. Qa3 Qd2+ 1/2-1/2

[Event "2.BLO 1516 SF Neuberg - SK Göggingen"]
[Site "?"]
[Date "2016.01.31"]
[Round "8.7"]
[White "Hausner, Ivan"]
[Black "Lutz, Klaus-Juergen"]
[Result "1-0"]
[WhiteElo "2326"]
[BlackElo "2303"]
[PlyCount "91"]
[EventDate "2016.??.??"]

1. c4 d6 2. g3 e5 3. Bg2 f5 4. Nc3 Nf6 5. e3 Be7 6. Nge2 O-O 7. b4 c6 8. b5 Be6
9. bxc6 bxc6 10. d3 Qd7 11. Qa4 g5 12. f4 Nh5 13. O-O Bf6 14. Bd2 Qc7 15. Rab1
Rc8 16. Rfc1 Bf7 17. Nb5 Qe7 18. fxg5 Bxg5 19. Qa3 Rd8 20. d4 e4 21. Nbc3 Bxc4
22. Nf4 Nxf4 23. gxf4 d5 24. Qxe7 Bxe7 25. Bh3 Ba3 26. Re1 Rf8 27. Kh1 Ba6 28.
Na4 Nd7 29. Rg1+ Kh8 30. Nc5 Bc8 31. Bc3 Rb8 32. Rb3 Rxb3 33. axb3 a5 34. Bxa5
Nxc5 35. dxc5 d4 36. Bc7 h5 37. Be5+ Kh7 38. Bxd4 Rf7 39. Ra1 Bb4 40. Ra8 Bd7
41. Bf1 Be6 42. Be2 Kh6 43. Rb8 Bd2 44. b4 Bd7 45. Bc4 Rh7 46. b5 1-0

[Event "2.BLO 1516 SF Neuberg - SK Göggingen"]
[Site "?"]
[Date "2016.01.31"]
[Round "8.8"]
[White "#, Hendrik"]
[Black "Lipok, Christoph"]
[Result "1/2-1/2"]
[WhiteElo "2265"]
[BlackElo "2267"]
[PlyCount "67"]
[EventDate "2016.??.??"]

1. d4 d5 2. c4 c6 3. Nf3 Nf6 4. e3 Bg4 5. Qb3 Qb6 6. Ne5 Bf5 7. Nc3 e6 8. Be2
Nbd7 9. f4 Nxe5 10. fxe5 Nd7 11. O-O Qxb3 12. axb3 Bc2 13. Bd1 Bd3 14. Be2 Bc2
15. cxd5 exd5 16. Bh5 g6 17. Bd1 Bxd1 18. Rxd1 f6 19. e4 fxe5 20. exd5 exd4 21.
dxc6 bxc6 22. Ne4 Nc5 23. Re1 Nxe4 24. Rxe4+ Kf7 25. Bg5 h6 26. Rf1+ Kg8 27.
Bf6 Rh7 28. Bxd4 Rf7 29. Re6 Rxf1+ 30. Kxf1 c5 31. Be5 g5 32. Rg6+ Kf7 33. Rc6
Re8 34. Bc3 {(=)} 1/2-1/2

[Event "2.BLO 1516 SG Leipzig - AE Magdeburg"]
[Site "?"]
[Date "2016.01.31"]
[Round "8.1"]
[White "Degtiarev, Evgeny"]
[Black "Voigt, Roland"]
[Result "1-0"]
[WhiteElo "2419"]
[BlackElo "2452"]
[PlyCount "133"]
[EventDate "2016.??.??"]

1. d4 Nf6 2. c4 g6 3. Nc3 Bg7 4. e4 d6 5. h3 O-O 6. Be3 e5 7. d5 c6 8. Nf3 cxd5
9. cxd5 Bd7 10. Nd2 Qe7 11. Qb3 Be8 12. Be2 Kh8 13. Qa3 Na6 14. Nc4 Rd8 15.
Bxa7 b5 16. Qxa6 Ra8 17. Nxd6 Rxa7 18. Nc8 Rxa6 19. Nxe7 Rb6 20. b4 Bd7 21. O-O
Ra8 22. a3 Ne8 23. Bg4 Bxg4 24. hxg4 Nd6 25. Nc6 Rba6 26. Na5 Bf6 27. a4 bxa4
28. Rxa4 Bg5 29. Rd1 Kg7 30. Ra2 Rb6 31. Rb1 Rc8 32. Nc6 Nc4 33. Rd1 Rc7 34. b5
Nd6 35. Ra6 Rcb7 36. Rxb6 Rxb6 37. Nxe5 Rb7 38. Nf3 Bd8 39. e5 Ba5 40. Na4 Nxb5
41. Rb1 Nd6 42. Rxb7 Nxb7 43. g5 h6 44. gxh6+ Kxh6 45. Kf1 Kh5 46. Nd4 Kg4 47.
g3 Bc7 48. d6 Bxd6 49. exd6 Nxd6 50. Kg2 Kg5 51. Nc5 Kf6 52. Nc6 Nf5 53. Kf3
Ng7 54. Ne4+ Ke6 55. Ng5+ Kd6 56. Nxf7+ Kxc6 57. Kg4 Kd7 58. Kg5 Ke7 59. Kxg6
Ne8 60. Ng5 Nf6 61. f4 Ng4 62. f5 Nf6 63. Nh7 Nd7 64. Kg7 Kd6 65. f6 Ke5 66. f7
Nc5 67. f8=Q 1-0

[Event "2.BLO 1516 SG Leipzig - AE Magdeburg"]
[Site "?"]
[Date "2016.01.31"]
[Round "8.2"]
[White "Langrock, Hannes"]
[Black "Andre, Gordon"]
[Result "1-0"]
[WhiteElo "2409"]
[BlackElo "2261"]
[PlyCount "95"]
[EventDate "2016.??.??"]

1. d4 d5 2. c4 c6 3. cxd5 cxd5 4. Nc3 Nf6 5. Bf4 Nc6 6. e3 a6 7. Bd3 Bg4 8.
Nge2 e6 9. O-O Be7 10. Rc1 O-O 11. a3 Rc8 12. h3 Bh5 13. Na4 Na5 14. Nc5 Nc4
15. Rc2 Qb6 16. g4 Bg6 17. Bxg6 hxg6 18. g5 Ne4 19. Nd7 Qa5 20. Nxf8 Rxf8 21.
h4 f6 22. gxf6 gxf6 23. Ng3 Ned6 24. Kg2 Kf7 25. Rh1 Rh8 26. h5 g5 27. Bxd6
Bxd6 28. h6 Ke7 29. Qh5 Qd8 30. h7 Qf8 31. a4 Kd7 32. b3 Na5 33. Qg6 Nc6 34.
Rh6 Be7 35. Nh5 Nd8 36. Ng7 Qf7 37. Qxf7 Nxf7 38. Rh1 Kd6 39. Rcc1 Nd8 40. Rc8
Kd7 41. Rhc1 Bd6 42. Nh5 f5 43. Nf6+ Ke7 44. Ng8+ Kd7 45. Ra8 Bc7 46. b4 Kd6
47. Nf6 g4 48. a5 1-0

[Event "2.BLO 1516 SG Leipzig - AE Magdeburg"]
[Site "?"]
[Date "2016.01.31"]
[Round "8.3"]
[White "Woellermann, Jan"]
[Black "Richter, Leonard"]
[Result "1-0"]
[WhiteElo "2307"]
[BlackElo "2313"]
[PlyCount "115"]
[EventDate "2016.??.??"]

1. d4 Nf6 2. c4 g6 3. Nc3 Bg7 4. e4 d6 5. Nf3 O-O 6. Be2 e5 7. Be3 Ng4 8. Bg5
f6 9. Bh4 Nc6 10. d5 Ne7 11. Nd2 Nh6 12. f3 c5 13. Rb1 g5 14. Bf2 f5 15. b4
cxb4 16. Rxb4 b6 17. O-O Ng6 18. g3 Kh8 19. Nb5 g4 20. exf5 gxf3 21. Bxf3 Nxf5
22. Ne4 Bh6 23. Qd3 Rf7 24. Rbb1 Qf8 25. Bg2 Rg7 26. Nbxd6 Nxd6 27. Bc5 Nf4 28.
Rxf4 exf4 29. Bxd6 Qe8 30. Qd4 fxg3 31. Rf1 Bf5 32. Rxf5 Qg6 33. Nxg3 Qxd6 34.
Nh5 Re8 35. Rf3 Qg6 36. Nxg7 Bxg7 37. Qd1 Qd6 38. Qd3 Qc5+ 39. Kh1 Re1+ 40. Bf1
Qd6 41. Rh3 h6 42. Kg2 Qf4 43. Rf3 Qd6 44. Qf5 Qe5 45. Qc8+ Qe8 46. Qxe8+ Rxe8
47. Rf7 a5 48. d6 Rd8 49. c5 bxc5 50. d7 Be5 51. h4 Bc7 52. Bc4 Rg8+ 53. Kf3 h5
54. Ke4 Rg4+ 55. Kd5 Kg8 56. Re7 Kf8 57. Re8+ Kg7 58. Kc6 1-0

[Event "2.BLO 1516 SG Leipzig - AE Magdeburg"]
[Site "?"]
[Date "2016.01.31"]
[Round "8.4"]
[White "Rausch, Stephan"]
[Black "Melamed, Tatjana"]
[Result "1-0"]
[WhiteElo "2280"]
[BlackElo "2291"]
[PlyCount "127"]
[EventDate "2016.??.??"]

1. d4 Nf6 2. Nf3 g6 3. c4 Bg7 4. Nc3 O-O 5. e4 d6 6. h3 e5 7. d5 Nh5 8. Nh2 Qe8
9. Be2 Nf4 10. Bf3 f5 11. g3 Nxh3 12. Bg2 fxe4 13. Nxe4 Bf5 14. Ng4 h5 15.
Nef6+ Bxf6 16. Nh6+ Kg7 17. Nxf5+ gxf5 18. Rxh3 Rh8 19. Bf3 h4 20. g4 f4 21.
Be4 Nd7 22. Kf1 Nc5 23. Bf5 a5 24. Bd2 Qe7 25. Qc2 Bg5 26. Re1 b6 27. b3 Rhf8
28. a3 Ra7 29. Kg1 Kh6 30. f3 Raa8 31. Kg2 Kg7 32. Bc3 Kh6 33. Reh1 Kg7 34. Qd1
Rh8 35. Re1 Qf7 36. Re2 Kh6 37. Kh1 Rhe8 38. Be1 Kg7 39. Bxh4 Rh8 40. Reh2 Bxh4
41. Rxh4 Rxh4 42. Rxh4 Rh8 43. Rxh8 Kxh8 44. Kg2 e4 45. b4 axb4 46. axb4 Nd3
47. Qh1+ Kg7 48. Bxe4 Nxb4 49. g5 Kf8 50. Qh8+ Qg8 51. Qh4 Qg7 52. Qxf4+ Ke7
53. Qh4 Na6 54. Kh3 Nc5 55. Bf5 Qa1 56. g6+ Ke8 57. Kg4 Qc3 58. f4 Qa1 59. Qh2
Qd1+ 60. Kg5 Qd4 61. Qh5 Qg1+ 62. Kh6 Kf8 63. Bg4 Kg8 64. Qf5 1-0

[Event "2.BLO 1516 SG Leipzig - AE Magdeburg"]
[Site "?"]
[Date "2016.01.31"]
[Round "8.5"]
[White "Paul, Johannes"]
[Black "Liedtke, Matthias"]
[Result "1-0"]
[WhiteElo "2294"]
[BlackElo "2257"]
[PlyCount "105"]
[EventDate "2016.??.??"]

1. d4 Nf6 2. c4 g6 3. Nc3 Bg7 4. e4 d6 5. Nf3 O-O 6. Be2 Na6 7. O-O e5 8. Be3
Ng4 9. Bg5 Qe8 10. dxe5 dxe5 11. a3 h6 12. Bh4 c6 13. b4 f5 14. Nd2 g5 15. Bg3
Nf6 16. exf5 Bxf5 17. c5 Rd8 18. Qb3+ Be6 19. Bc4 Nc7 20. Rad1 Nfd5 21. Nde4 b5
22. cxb6 axb6 23. b5 Kh8 24. a4 Bg8 25. h4 Nxc3 26. Qxc3 gxh4 27. Rxd8 Qxd8 28.
Bxe5 Qe7 29. Bxg7+ Qxg7 30. Qxg7+ Kxg7 31. Bxg8 Rxg8 32. Rd1 Ne6 33. Rd6 Kf7
34. Rxc6 h3 35. g3 Nd4 36. Rxb6 Rg4 37. Nd6+ Ke7 38. Kh2 Nf3+ 39. Kxh3 Rxa4 40.
Nf5+ Kd7 41. Rxh6 Ra5 42. Rd6+ Kc7 43. Rd5 Ra2 44. Kg2 Ne1+ 45. Kf1 Nf3 46. Ne3
Rb2 47. g4 Nd2+ 48. Kg2 Ne4 49. Rf5 Nd6 50. Nc4 Nxc4 51. Rc5+ Kd6 52. Rxc4 Rxb5
53. Re4 1-0

[Event "2.BLO 1516 SG Leipzig - AE Magdeburg"]
[Site "?"]
[Date "2016.01.31"]
[Round "8.6"]
[White "Schubert, Thomas"]
[Black "Schoene, Maria"]
[Result "1-0"]
[WhiteElo "2344"]
[BlackElo "2279"]
[PlyCount "129"]
[EventDate "2016.??.??"]

1. d4 Nf6 2. Nf3 g6 3. c4 Bg7 4. Nc3 d6 5. h3 O-O 6. Bf4 Nfd7 7. e3 e5 8. Bh2
Nc6 9. Be2 Kh8 10. O-O h6 11. Qd2 f5 12. dxe5 dxe5 13. Rfd1 e4 14. Ne1 Nce5 15.
Nd5 g5 16. f4 exf3 17. Nxf3 c6 18. Nc3 Qe7 19. Nxe5 Nxe5 20. Qd6 Qxd6 21. Rxd6
Nf7 22. Rd2 Be6 23. Na4 Rad8 24. Rad1 Rxd2 25. Rxd2 Rd8 26. Rxd8+ Nxd8 27. Bb8
a6 28. Bc7 Nf7 29. Nc5 Bc8 30. b3 Kg8 31. Kf2 Kf8 32. g4 f4 33. Ne4 fxe3+ 34.
Kxe3 Ke7 35. Ng3 Kd7 36. Bb6 Be5 37. Nf5 Bh2 38. Kf2 Be5 39. Bd3 Ke6 40. Bc5
Bf6 41. Bf8 Ke5 42. Nxh6 Nxh6 43. Bxh6 Kd4 44. Ke2 Kc3 45. Bf5 Bxf5 46. gxf5 b5
47. cxb5 axb5 48. Bf8 Kd4 49. a4 bxa4 50. bxa4 Ke4 51. a5 Bd4 52. f6 Kf5 53.
Be7 Ke6 54. Kd3 Ba7 55. Kc4 Kf7 56. a6 Ke6 57. Bc5 Bb8 58. Bd4 Kf7 59. Kd3 c5
60. Bc3 Ba7 61. Kc4 Ke6 62. Kb5 Kd7 63. Bd2 c4 64. Kxc4 Ke6 65. Bxg5 1-0

[Event "2.BLO 1516 SG Leipzig - AE Magdeburg"]
[Site "?"]
[Date "2016.01.31"]
[Round "8.7"]
[White "Hansch, Karsten"]
[Black "Boehnisch, Manfred"]
[Result "1-0"]
[WhiteElo "2263"]
[BlackElo "2325"]
[PlyCount "187"]
[EventDate "2016.??.??"]

1. c4 c6 2. g3 Nf6 3. Bg2 d5 4. Nf3 dxc4 5. O-O Nbd7 6. a4 Nc5 7. Qc2 Qd5 8.
Nc3 Qh5 9. b4 cxb3 10. Qd1 e5 11. d4 exd4 12. Nxd4 Bh3 13. Nxb3 Ng4 14. f3 Nxb3
15. Qxb3 Bc5+ 16. e3 Nxh2 17. Rf2 Bxg2 18. Kxg2 Rd8 19. Ne4 Be7 20. Ba3 Qd5 21.
Qxd5 cxd5 22. Bxe7 Kxe7 23. Nc3 Nxf3 24. Rxf3 Rd7 25. Rd1 Rhd8 26. Rf4 Ke6 27.
Rfd4 f5 28. Ne2 Ke5 29. Rh1 g6 30. Nf4 b6 31. Rhd1 Rd6 32. Kf3 R8d7 33. Nd3+
Ke6 34. Kf4 h6 35. Kf3 g5 36. Nb4 Ke5 37. Rh1 Rf6 38. Rc1 a5 39. Nd3+ Ke6 40.
Rc8 Rff7 41. Rc6+ Rd6 42. Rc2 Rdd7 43. Rb2 Rd6 44. Rh2 Rh7 45. Nb2 Rc6 46. Rd1
Rc3 47. Rd3 Rxd3 48. Nxd3 Kd6 49. Rb2 Kc6 50. Ne1 Rc7 51. Nc2 Kb7 52. Nd4 Rc4
53. Ra2 f4 54. gxf4 gxf4 55. Kxf4 Ka6 56. Ra3 Rc8 57. Kg4 Rc1 58. Nb5 Kb7 59.
Ra2 Rg1+ 60. Kf5 h5 61. Ke5 Rg5+ 62. Kd6 h4 63. Rh2 Rh5 64. Rh3 Ka6 65. Kc6 Re5
66. Rxh4 Rxe3 67. Rh7 Re6+ 68. Kxd5 Re5+ 69. Kc4 Re4+ 70. Nd4 Re1 71. Rh2 Ra1
72. Kb3 Rb1+ 73. Rb2 Rd1 74. Nb5 Rh1 75. Rc2 Rh4 76. Rc8 Rh3+ 77. Kc4 Rh4+ 78.
Nd4 Kb7 79. Rf8 Rh7 80. Nf5 Rc7+ 81. Kd4 Rd7+ 82. Ke5 Kc6 83. Rc8+ Kb7 84. Rc4
Rd1 85. Nd6+ Ka6 86. Rc8 Ka7 87. Rc7+ Ka8 88. Nc4 Rb1 89. Kd5 b5 90. axb5 Rxb5+
91. Kc6 Kb8 92. Rh7 Rg5 93. Nb6 Rg6+ 94. Kb5 1-0

[Event "2.BLO 1516 SG Leipzig - AE Magdeburg"]
[Site "?"]
[Date "2016.01.31"]
[Round "8.8"]
[White "Schultz, Andreas"]
[Black "Hansch, Stephan"]
[Result "1/2-1/2"]
[WhiteElo "2260"]
[BlackElo "2142"]
[PlyCount "133"]
[EventDate "2016.??.??"]

1. d4 d5 2. c4 e6 3. Nc3 Nf6 4. cxd5 exd5 5. Bg5 Be7 6. e3 O-O 7. Bd3 Nbd7 8.
Qc2 c6 9. Nge2 Re8 10. O-O Nf8 11. f3 h6 12. Bh4 c5 13. Rad1 c4 14. Bf5 Bxf5
15. Qxf5 Qd7 16. Qxd7 N8xd7 17. Rfe1 Bb4 18. a3 Ba5 19. Bf2 b5 20. Ng3 Nb6 21.
Re2 Bxc3 22. bxc3 Na4 23. Be1 Re6 24. Bd2 Rae8 25. Rde1 a6 26. e4 Nb2 27. e5
Nd3 28. Rb1 g5 29. Kf1 Nd7 30. Nf5 Kh7 31. Ne3 Nb6 32. Ng4 Nd7 33. h4 f6 34.
hxg5 hxg5 35. Nf2 Nxf2 36. Rxf2 Kg6 37. exf6 Rh8 38. Kg1 Nxf6 39. Re1 Rxe1+ 40.
Bxe1 Re8 41. Kf1 Nh5 42. Re2 Rxe2 43. Kxe2 Nf4+ 44. Kf1 a5 45. Bd2 Ne6 46. Kf2
b4 47. cxb4 axb4 48. Bxb4 Nxd4 49. Ke3 Nc2+ 50. Kd2 Nd4 51. Bc3 Nb3+ 52. Ke3 g4
53. a4 gxf3 54. gxf3 Kf5 55. Bb2 Ke6 56. Bc3 Kf5 57. Bd4 Ke6 58. Bb2 Kf5 59.
Bc3 Ke6 60. Bb4 Kf5 61. a5 d4+ 62. Ke2 c3 63. Kd3 c2 64. Kxc2 Nxa5 65. Bxa5 Kf4
66. Kd3 Kxf3 67. Kxd4 1/2-1/2

[Event "2.BLO 1516 Bindl Aktionär - SC Garching"]
[Site "?"]
[Date "2016.01.31"]
[Round "8.1"]
[White "Loetscher, Roland"]
[Black "Bindrich, Falko"]
[Result "1/2-1/2"]
[WhiteElo "2426"]
[BlackElo "2585"]
[PlyCount "48"]
[EventDate "2016.??.??"]

1. d4 Nf6 2. c4 e6 3. g3 d5 4. Bg2 Bb4+ 5. Bd2 Be7 6. Nf3 O-O 7. O-O Nbd7 8.
Qc2 c6 9. Bf4 b6 10. Rd1 Bb7 11. Nc3 dxc4 12. Nd2 Nd5 13. Nxc4 Nxf4 14. gxf4
Qc7 15. e3 Rad8 16. Rab1 c5 17. d5 exd5 18. Bxd5 Nf6 19. Bxb7 Qxb7 20. a4 g6
21. Rxd8 Rxd8 22. Rd1 Qc8 23. Rxd8+ Bxd8 24. Qd1 Be7 1/2-1/2

[Event "2.BLO 1516 Bindl Aktionär - SC Garching"]
[Site "?"]
[Date "2016.01.31"]
[Round "8.2"]
[White "Petr, Martin"]
[Black "Koepke, Christian"]
[Result "1/2-1/2"]
[WhiteElo "2512"]
[BlackElo "2326"]
[PlyCount "123"]
[EventDate "2016.??.??"]

1. e4 c5 2. Nf3 d6 3. c3 Nf6 4. Be2 Bd7 5. d3 Nc6 6. O-O g6 7. a3 Bg7 8. b4 c4
9. Bb2 O-O 10. Nbd2 cxd3 11. Bxd3 d5 12. Qc2 Bg4 13. exd5 Nxd5 14. h3 Nf4 15.
Be4 Be6 16. c4 Bxb2 17. Qxb2 Qd7 18. b5 Na5 19. Qb4 Qc7 20. Nd4 Rfd8 21. Nxe6
Nxe6 22. Nf3 Rac8 23. Rfe1 b6 24. Rac1 Nd4 25. Nxd4 Rxd4 26. Bc6 e6 27. Qb2
Nxc6 28. bxc6 Qd6 29. c5 bxc5 30. Qb7 Rc7 31. Qb8+ Kg7 32. Rxc5 Rxc6 33. Qxd6
Rdxd6 34. Ra5 Ra6 35. Ree5 Kf6 36. g3 h6 37. h4 Rxa5 38. Rxa5 a6 39. Kg2 e5 40.
Kf3 Ke6 41. g4 f5 42. gxf5+ Kxf5 43. Kg3 Ke4 44. f3+ Kd4 45. Kg4 Re6 46. Ra4+
Kd5 47. Kg3 Rc6 48. Ra5+ Ke6 49. Kg4 Kf6 50. Ra4 h5+ 51. Kg3 g5 52. hxg5+ Kxg5
53. Kh3 Rd6 54. Kg3 Rg6 55. Kh3 Kf5 56. Kh4 Rd6 57. Kg3 Kg5 58. Kh3 Kf5 59. Kg3
Rh6 60. Kh4 Rg6 61. Kh3 Rd6 62. Kg3 1/2-1/2

[Event "2.BLO 1516 Bindl Aktionär - SC Garching"]
[Site "?"]
[Date "2016.01.31"]
[Round "8.3"]
[White "Bredl, Harald"]
[Black "Neuman, Petr"]
[Result "1/2-1/2"]
[WhiteElo "2341"]
[BlackElo "2426"]
[PlyCount "34"]
[EventDate "2016.??.??"]

1. d4 d5 2. c4 c6 3. Nf3 Nf6 4. Nbd2 g6 5. e3 Bg7 6. Be2 O-O 7. O-O b6 8. b3 c5
9. Bb2 Na6 10. Rc1 Bb7 11. cxd5 Nxd5 12. a3 Rc8 13. Bc4 cxd4 14. Bxd4 Bxd4 15.
Nxd4 Nac7 16. b4 e5 17. N4f3 Qe7 1/2-1/2

[Event "2.BLO 1516 Bindl Aktionär - SC Garching"]
[Site "?"]
[Date "2016.01.31"]
[Round "8.4"]
[White "Cech, Pavel"]
[Black "Levushkina, Elena"]
[Result "1-0"]
[WhiteElo "2372"]
[BlackElo "2298"]
[PlyCount "111"]
[EventDate "2016.??.??"]

1. d4 d5 2. c4 dxc4 3. e3 Nf6 4. Bxc4 e6 5. Nf3 c5 6. O-O a6 7. e4 Nxe4 8. d5
Be7 9. dxe6 Bxe6 10. Qxd8+ Bxd8 11. Bxe6 fxe6 12. Re1 Nf6 13. Ng5 O-O 14. Nxe6
Re8 15. Nc3 Nbd7 16. Bg5 Ba5 17. Bxf6 gxf6 18. Rad1 Bxc3 19. bxc3 Re7 20. Nc7
Rxe1+ 21. Rxe1 Rc8 22. Nd5 Rf8 23. Re7 Ne5 24. Rxb7 f5 25. Ra7 f4 26. Rxa6 Rd8
27. Nf6+ Kf7 28. Kf1 Rd1+ 29. Ke2 Rb1 30. Nxh7 Rb2+ 31. Kd1 Rxf2 32. Ng5+ Kg7
33. Re6 Ng4 34. Re2 Rf1+ 35. Re1 Rf2 36. Re2 Rf1+ 37. Kd2 Kg6 38. Nf3 Ne3 39.
Ne1 Kf5 40. a4 Rh1 41. h3 Ke4 42. g3 Kd5 43. gxf4 Nc4+ 44. Kc2 Rxh3 45. Rf2 Ke4
46. f5 Ne3+ 47. Kb3 Nxf5 48. Kc4 Ne3+ 49. Kxc5 Nd1 50. Re2+ Kf5 51. c4 Ra3 52.
Rd2 Ne3 53. Rd3 Nxc4 54. Rxa3 Nxa3 55. a5 Ke6 56. a6 1-0

[Event "2.BLO 1516 Bindl Aktionär - SC Garching"]
[Site "?"]
[Date "2016.01.31"]
[Round "8.5"]
[White "Seifert, Volker"]
[Black "Krensing, Jan"]
[Result "1-0"]
[WhiteElo "2343"]
[BlackElo "2336"]
[PlyCount "107"]
[EventDate "2016.??.??"]

1. d4 e6 2. c4 Nf6 3. Nc3 Bb4 4. Qc2 O-O 5. a3 Bxc3+ 6. Qxc3 b6 7. Bg5 Ba6 8.
e3 d6 9. Nf3 Nbd7 10. Bd3 c5 11. O-O cxd4 12. exd4 Rc8 13. Qb4 Qc7 14. Rac1 Bb7
15. Nd2 Rfe8 16. f3 a5 17. Qc3 d5 18. b3 dxc4 19. bxc4 h6 20. Bxf6 Nxf6 21. Ne4
Bxe4 22. Bxe4 Red8 23. Qe3 Qd6 24. Rfd1 Rc7 25. Bb1 Rdc8 26. Ba2 Rd8 27. Rb1
Nd7 28. c5 Qc6 29. Qf4 Rcc8 30. cxb6 Nxb6 31. Rdc1 Qd6 32. Rxc8 Nxc8 33. Qxd6
Rxd6 34. Rb8 Rc6 35. h3 Rc1+ 36. Kh2 Kh7 37. Rb5 Nd6 38. Rxa5 Rd1 39. d5 e5 40.
Bb3 Rd2 41. Rc5 g6 42. a4 Nf5 43. Rc2 Rd4 44. Rc7 Rb4 45. Bc2 Kg7 46. a5 Nd4
47. Bd3 Rb2 48. a6 Nxf3+ 49. Kg3 Ng5 50. a7 Ra2 51. Bc2 Ra3+ 52. Kh2 Kf6 53. h4
Nh7 54. Be4 1-0

[Event "2.BLO 1516 Bindl Aktionär - SC Garching"]
[Site "?"]
[Date "2016.01.31"]
[Round "8.6"]
[White "Wall, Gavin"]
[Black "Schmitz, Thorsten"]
[Result "1-0"]
[WhiteElo "2336"]
[BlackElo "2312"]
[PlyCount "95"]
[EventDate "2016.??.??"]

1. e4 c5 2. Nf3 e6 3. b3 a6 4. Bb2 Nc6 5. g3 d6 6. Bg2 e5 7. c3 Nf6 8. d4 Nxe4
9. dxe5 dxe5 10. Qe2 f5 11. Nh4 g6 12. Bxe4 fxe4 13. Nd2 Be7 14. O-O-O Qd3 15.
Qxe4 Qxe4 16. Nxe4 O-O 17. Rhe1 Bh3 18. Re3 g5 19. Nf3 Bg4 20. Rdd3 Bf5 21.
Nfd2 g4 22. Kd1 b5 23. Ke1 a5 24. a4 c4 25. Rd5 bxa4 26. bxa4 Be6 27. Rb5 Rab8
28. f4 Rxb5 29. axb5 Rb8 30. bxc6 Rxb2 31. Ng5 Bxg5 32. Rxe5 Bd8 33. Rxe6 Kf7
34. Rh6 Kg8 35. Rd6 Rb8 36. Nxc4 a4 37. Rd7 Rc8 38. Nd6 Ra8 39. Nb5 Rc8 40. c7
Bxc7 41. Nxc7 a3 42. Nb5 Rc5 43. Nxa3 Rxc3 44. Nb5 Rc1+ 45. Rd1 Rc2 46. Rd2
Rc1+ 47. Ke2 h5 48. Nd4 1-0

[Event "2.BLO 1516 Bindl Aktionär - SC Garching"]
[Site "?"]
[Date "2016.01.31"]
[Round "8.7"]
[White "Pitschka, Claus"]
[Black "Havlikova, Kristyna"]
[Result "1/2-1/2"]
[WhiteElo "2235"]
[BlackElo "2321"]
[PlyCount "61"]
[EventDate "2016.??.??"]

1. d4 Nf6 2. Bf4 g6 3. e3 Bg7 4. h3 d6 5. Nd2 O-O 6. Bd3 Nbd7 7. Bh2 c5 8. c3
b6 9. Ne2 Bb7 10. O-O a6 11. b4 Ra7 12. bxc5 bxc5 13. e4 cxd4 14. cxd4 Ne8 15.
Bf4 e5 16. Be3 exd4 17. Bxd4 Nc5 18. Bc2 Bxd4 19. Nxd4 Qf6 20. N4b3 Nxb3 21.
Bxb3 Nc7 22. Qe2 Nb5 23. Qd3 Qd4 24. Bc4 Qxd3 25. Bxd3 Re8 26. f3 d5 27. Rfe1
Raa8 28. Rad1 dxe4 29. Nxe4 Bxe4 30. Bxe4 Rad8 31. Bc6 1/2-1/2